000 00851nam a22002537a 4500
001 BR8206364
003 BR-BrBNA
005 20230928091508.0
007 ta
008 230509b bl.||||| |||| 00| 0 por d
040 _aBR-BrBNA
_bpor
_cBiblioteca Nacional de Agricultura
041 _a(Por)
072 _aE30; D10
_b/G514
090 _ E30 BR8206364
110 1 _aMinisterio da Agricultura, Brasilia, DF (Brasil). Secretaria de Controle Operacional
_96825
245 1 _aListagem de publicacoes sobre controle e avaliacao de planos programas e projetos (1974-1982)[Ministerio da Agricultura, Bibliografia, Brasil]
260 3 _aBrasilia, DF (Brasil):
_c1982.
300 _a12 p.
650 _aPROJETO DE DESENVOLVIMENTO
650 _aADMINISTRACAO PUBLICA
650 _aBIBLIOGRAFIA
909 _a202309
_bLucia
_c55
_dLucia Elande
942 _cBK
999 _c34108
_d34108